Good governance and economic development : (Record no. 1429796)

MARC details
000 -LEADER
fixed length control field 00590nam a2200193Ia 4500
005 - DATE AND TIME OF LATEST TRANSACTION
control field 20250610143958.0
008 - FIXED-LENGTH DATA ELEMENTS--GENERAL INFORMATION
fixed length control field 008 250516s9999 xx 000 0 eng d
020 ## - INTERNATIONAL STANDARD BOOK NUMBER
International Standard Book Number 9781041027577
040 ## - CATALOGING SOURCE
Language of cataloging eng
Transcribing agency SDCL
041 ## - LANGUAGE CODE
Language code of text/sound track or separate title eng
Source of code eng
084 ## - COLON CLASSIFICATION NUMBER
Classification number X:77.1'P R5
100 ## - MAIN ENTRY--PERSONAL NAME
Personal name
245 #0 - TITLE STATEMENT
Title Good governance and economic development :
Remainder of title Perspectives from global north and global south
260 ## - PUBLICATION, DISTRIBUTION, ETC.
Place of publication, distribution, etc. London :
Name of publisher, distributor, etc. Routledge,
Date of publication, distribution, etc. 2025.
300 ## - PHYSICAL DESCRIPTION
Extent xxvi, 292p.
650 ## - SUBJECT ADDED ENTRY--TOPICAL TERM
Topical term or geographic name entry element Business Economics and Finance
700 ## - ADDED ENTRY--PERSONAL NAME
Personal name Das, Ramesh Chandra Ed.
942 ## - ADDED ENTRY ELEMENTS (KOHA)
Koha item type Textual
Source of classification or shelving scheme Colon Classification (CC)
100 ## - MAIN ENTRY--PERSONAL NAME
-- 812425
650 ## - SUBJECT ADDED ENTRY--TOPICAL TERM
-- 812426
700 ## - ADDED ENTRY--PERSONAL NAME
-- 812427
999 ## -
-- 1429796
-- 1429796
Holdings
Withdrawn status Lost status Source of classification or shelving scheme Damaged status Not for loan Home library Current library Date acquired Source of acquisition Inventory number Total checkouts Full call number Barcode Date last seen Price effective from Koha item type
    Colon Classification (CC)     South Campus Library South Campus Library 2025-05-22 Classic Book Service 247, 06/02/2025   X:77.1'P R5 SC1691125 2025-05-22 2025-05-22 Textual
Copyright @ Delhi University Library System